[Event "West Wales-Gwent"]
[Site "Swansea"]
[Date "2002.11.17"]
[Round "?"]
[White "Gilbert, Jonathan D"]
[Black "Sinnett, Glyn"]
[Result "1-0"]
[WhiteElo "2014"]
[BlackElo "1939"]
[PlyCount "97"]
[EventDate "2002.??.??"]
[EventType "team-tourn"]
[EventRounds "1"]
[EventCountry "WLS"]
[SourceTitle "EXT 2004"]
[Source "ChessBase"]
[SourceDate "2003.11.25"]
[SourceVersion "1"]
[SourceVersionDate "2003.11.25"]
[SourceQuality "1"]
[WhiteTeam "Gwent"]
[BlackTeam "West Wales"]
[WhiteTeamCountry "WLS"]
[BlackTeamCountry "WLS"]

1. d4 e6 2. c4 d5 3. Nc3 Nf6 4. cxd5 exd5 5. Bg5 Be7 6. e3 c6 7. Qc2 Nbd7 8. Bd3 h6 9. Bf4 Nf8 10. Nf3 Ne6 11. Bg3 Bd6 12. Ne5 Qe7 13. 0-0-0 Bxe5 14. dxe5 Nh5 15. f4 Nxg3 16. hxg3 Nc5 17. Bf5 Bxf5 18. Qxf5 Qe6 19. g4 0-0-0 20. b4 Na6 21. Qxe6+ fxe6 22. a3 Rhf8 23. Ne2 Nc7 24. Nd4 Rde8 25. Rh5 Nb5 26. Nxb5 cxb5 27. g5 hxg5 28. Rxg5 Re7 29. Kb2 Rc7 30. g4 Rh8 31. Rc1 Rh2+ 32. Kb1 Rxc1+ 33. Kxc1 Re2 34. Rxg7 Rxe3 35. g5 Rxa3 36. g6 Rg3 37. Kd2 b6 38. f5 exf5 39. e6 Kd8 40. Rd7+ Ke8 41. g7 a5 42. bxa5 bxa5 43. Ra7 a4 44. g8Q+ Rxg8 45. Ra8+ Ke7 46. Rxg8 Kxe6 47. Rb8 a3 48. Rxb5 Ke5 49. Ra5 1-0